<?xml version="1.0" encoding="UTF-8"?><?xml-stylesheet type="text/xsl" href="static/style.xsl"?><OAI-PMH xmlns="http://www.openarchives.org/OAI/2.0/" xmlns:xsi="http://www.w3.org/2001/XMLSchema-instance" xsi:schemaLocation="http://www.openarchives.org/OAI/2.0/ http://www.openarchives.org/OAI/2.0/OAI-PMH.xsd"><responseDate>2026-06-02T02:03:43Z</responseDate><request verb="GetRecord" identifier="oai:riuma.uma.es:10630/30819" metadataPrefix="marc">https://riuma.uma.es/rest/oai/request</request><GetRecord><record><header><identifier>oai:riuma.uma.es:10630/30819</identifier><datestamp>2026-02-03T10:27:41Z</datestamp><setSpec>com_10630_1685</setSpec><setSpec>col_10630_38056</setSpec></header><metadata><record xmlns="http://www.loc.gov/MARC21/slim" xmlns:dcterms="http://purl.org/dc/terms/" xmlns:doc="http://www.lyncode.com/xoai" xmlns:xsi="http://www.w3.org/2001/XMLSchema-instance" xsi:schemaLocation="http://www.loc.gov/MARC21/slim http://www.loc.gov/standards/marcxml/schema/MARC21slim.xsd">
   <leader>00925njm 22002777a 4500</leader>
   <datafield ind2=" " ind1=" " tag="042">
      <subfield code="a">dc</subfield>
   </datafield>
   <datafield ind2=" " ind1=" " tag="720">
      <subfield code="a">Medina Morillas, Rosa María</subfield>
      <subfield code="e">author</subfield>
   </datafield>
   <datafield ind2=" " ind1=" " tag="260">
      <subfield code="c">2024</subfield>
   </datafield>
   <datafield ind2=" " ind1=" " tag="520">
      <subfield code="a">En este trabajo de fin de máster se expone el proceso de investigación plástico y teórico desarrollado durante el curso, que atiende a una investigación pictórica focalizada en la idea de lo inquietante y sus posibilidades de representación en el ámbito de la pintura de paisaje. Así, este proyecto atañe a una investigación en torno al tratamiento plástico de los espacios abiertos a través del uso de operaciones pictóricas de extrañamiento, implicando las nociones de la nocturnidad, del uso específico de la luz y del contraste entre colores apagados y eléctricos. Mediante tales procedimientos se pretende propiciar un “des-conocimiento” por parte del espectador ante un escenario que le resulta atípico, explorando un camino que parte del concepto de lo inquietante y desemboca en argumentos que cuestionan la naturaleza en el auge de lo artificial. Para conseguir este objetivo he realizado cuadros de pequeño formato y cuadros de gran formato con dimensiones superiores a 130 centímetros por alguno de sus lados. Estas obras están elaboradas en técnica mixta siendo el acrílico y el óleo los materiales principales para su ejecución. Además se ha complementado con otras técnicas como el disolvente, pasteles, aerógrafo y barnices</subfield>
   </datafield>
   <datafield ind1="8" ind2=" " tag="024">
      <subfield code="a">https://hdl.handle.net/10630/30819</subfield>
   </datafield>
   <datafield tag="653" ind2=" " ind1=" ">
      <subfield code="a">Arte</subfield>
   </datafield>
   <datafield ind2="0" ind1="0" tag="245">
      <subfield code="a">Uncanny times. Posibilidades de lo  inquietante en la pintura de  paisaje.</subfield>
   </datafield>
</record>
</metadata></record></GetRecord></OAI-PMH>